000 00952nas a2200277 4500
001 BR2020000823
003 BR-BrBNA
005 20231205132114.0
007 ta
008 230509b bl.|||p| |||| 00| 00por d
040 _aBR-BrBNA
_bpor
_cBiblioteca Nacional de Agricultura
041 _a(Pt)
072 _aF50
100 1 _aNicoletti, M.F.
100 1 _aSilva, E.
100 1 _aFloriani, M.M.P.
245 1 _aMetodologia não destrutiva para quantificação do volume e biomassa do fuste em remanescente florestal
650 _aCARBONO
650 _aANÁLISE QUANTITATIVA
650 _aVOLUME
773 0 _tNativa. Pesquisas Agrárias e Ambientais (Brazil)
_xISSN 2318-7670
_g(Oct-Dec 2015), v. 3(4) p. 287-291
_wBR2020000823
856 4 0 _uhttps://periodicoscientificos.ufmt.br/ojs/index.php/nativa/article/view/3062/pdf
856 4 0 _dLink DSPACE/MAPA BR2020000823
909 _a202311
_bLúcia
_c55
_dLúcia Elande
942 _2AGRIS
_n0
_cANA
999 _c258499
_d258499